| 000 | 00704nam a2200217 u 4500 | ||
|---|---|---|---|
| 001 | 000020301 | ||
| 005 | 20240412074249.0 | ||
| 008 | 100802s2015 dr r 000 p spa d | ||
| 020 | _a9789945899177 | ||
| 040 |
_aDO-SdBNP _bspa _cBNPHU |
||
| 082 |
_aRD861.5 _bS237u |
||
| 100 | 1 |
_aSantos, Rocío, _d1985- _942941 |
|
| 245 | 1 | 0 |
_aUna gota en el mar / _cRocío Santos. |
| 260 |
_aSanto Domingo : _bEdiciones Rumbo, _c2015. |
||
| 300 |
_a67 p. : _bil. ; _c22 cm. |
||
| 500 | _aIncluye datos biográficos del autor en la solapa de la cubierta | ||
| 590 | _aInventariado, 2019 / DG | ||
| 650 | 0 |
_aPoesía dominicana _966 |
|
| 650 | 0 |
_aLiteratura dominicana. _967 |
|
| 910 | _aValidado. Control de calidad MFF | ||
| 999 |
_c19805 _d19805 |
||